000 00412pab a2200157 454500
008 180718b2006 xxu||||| |||| 00| 0 eng d
100 _aGan, Lydia et al.
245 _aLiberalization of the telecommunication industry in the NICs
260 _c2006
300 _ap.181-202.
362 _aAug
650 _aLiberalization
650 _aTelecommunications
773 _aAsian Economic Review
909 _a71681
999 _c71681
_d71681